| 000 | 00889cab a2200253 4500 | ||
|---|---|---|---|
| 001 | ABS52294 | ||
| 008 | 090401t1995 xxu||||| |||| 00| 0 eng d | ||
| 035 | _a(Sirsi) u71415 | ||
| 041 | _aeng | ||
| 100 | _aStepien, K. | ||
| 245 | _aEffect of lease termination on sub-tenancies (1) | ||
| 260 | _c1995 | ||
| 350 | _a0 | ||
| 490 |
_aSolicitors` Journal _v139(5) 10 February 1995, 122(1) |
||
| 520 | _aDiscusses the effect of an `upwards` notice to quit on the continuance of a sub-tenancy, in relation to the recent case "Pennell v Payne" (See Abs). | ||
| 650 | _aAGRICULTURAL HOLDINGS ACT 1986 SCH 3 CASE E | ||
| 650 | _aPROPERTY-LANDLORD AND TENANT-TENANCIES-AGRICULTURAL TENANCIES | ||
| 650 | _aFAIRWEATHER V ST MARYLEBONE PROPERTY CO LTD | ||
| 650 | _aHEADLEASES | ||
| 650 | _aNOTICE TO QUIT | ||
| 690 |
_aLandlord and tenant _96252 |
||
| 942 | _n0 | ||
| 948 | _c04/03/1997 | ||
| 999 |
_c45016 _d45016 |
||